• 首页
  • 本馆介绍
  • 公告通知
  • 最新文献
  • 馆藏检索
  • 电子资源
  • 读者导购
  • 参考咨询
  • 我的图书馆
  • 登录
  • 详细信息显示
  • 放入我的书架
  • 预约/预借图书
  • 作者相关作品
  • 分类相关作品
  • 丛书相关作品
  • 出版社相关作品

书目信息

  • 表格格式
  • 工作单格式
  • 卡片格式
题名:
高等力学试题分析解答
    
 
作者: 丁立祚 编
分册:  
出版信息: 北京   中国铁道出版社  1984
页数: 635页
开本: 19cm
丛书名:
单 册:
中图分类: O3-44
科图分类:
主题词: 力学--解题
电子资源:
ISBN:
000 00627nam0 2200229 45
001 0184002594
005 20060509101306.00
010    @dCNY2.95
091    @a15043.6475
100    @a19950128d1984 em y0chiy0121 ea
101 0  @achi
102    @aCN@b110000
105    @ay q 000yy
200 10 @a高等力学试题分析解答@Agao deng li xue shi ti fen xi jie da@f丁立祚编@Fding li zuo bian
210    @a北京@c中国铁道出版社@d1984
215    @a635页@d19cm
606    @a力学@x解题
690    @aO3-44@v4
701  0 @a丁立祚@Ading li zuo@4编
801  0 @aCN@b上海图书馆@c20060509
801  2 @aCN@bNLC@c20060403
905    @dO3-44@e28
    
    高等力学试题分析解答/丁立祚编.-北京:中国铁道出版社,1984
    635页;19cm
    
    
    ISBN :CNY2.95
    
●
相关链接 在E读中查询图书 在五车中查询图书 在当当中查询图书 在豆瓣中查询图书


正题名:高等力学试题分析解答     索取号:O3-44/28         预约/预借

序号 登录号 条形码 馆藏地/架位号 状态 备注
1 0117244   202235820   密集书库/ [索取号:O3-44/28] 在馆    
2 0117245   001448883   第三借阅区/ [索取号:O3-44/28] 在馆    
3 0117246   202235768   密集书库/ [索取号:O3-44/28] 在馆    
4 0117247   001957582   第三借阅区/ [索取号:O3-44/28] 在馆    
5 0117248   202235839   密集书库/ [索取号:O3-44/28] 在馆    
6 0170100   202316047   密集书库/ [索取号:O3-44/28] 在馆    
7 0170101   001448874   第三借阅区/ [索取号:O3-44/28] 在馆    
8 0170102   001448918   第二样本阅览室/ [索取号:O3-44/28] 在馆    
唐山师范学院图书馆 欢迎您!
大连网信软件有限公司© 版权所有